<?xml version="1.0" encoding="UTF-8"?>
<marc:record xmlns:marc="http://www.loc.gov/MARC21/slim">
   <marc:leader>00000nam a2200000 a 4500</marc:leader>
   <marc:datafield ind1="1" ind2=" " tag="100">
      <marc:subfield code="a">Hohlbein, Wolfgang</marc:subfield>
      <marc:subfield code="4">aut</marc:subfield>
      <marc:subfield code="e">Verfasser/-in</marc:subfield>
   </marc:datafield>
   <marc:datafield ind1="1" ind2=" " tag="100">
      <marc:subfield code="a">Hohlbein, Rebecca</marc:subfield>
      <marc:subfield code="4">aut</marc:subfield>
      <marc:subfield code="e">Verfasser/-in</marc:subfield>
   </marc:datafield>
   <marc:datafield ind1="0" ind2="0" tag="245">
      <marc:subfield code="a">Die Templerin - das Testament Gottes</marc:subfield>
   </marc:datafield>
   <marc:datafield ind1="0" ind2="0" tag="245">
      <marc:subfield code="b">Roman</marc:subfield>
   </marc:datafield>
   <marc:datafield ind1="0" ind2="0" tag="245">
      <marc:subfield code="c">Wolfgang &amp; Rebecca Hohlbein</marc:subfield>
   </marc:datafield>
   <marc:datafield ind1=" " ind2="1" tag="264">
      <marc:subfield code="a">München</marc:subfield>
      <marc:subfield code="b">Heyne</marc:subfield>
      <marc:subfield code="c">2011</marc:subfield>
   </marc:datafield>
   <marc:datafield ind1=" " ind2=" " tag="250">
      <marc:subfield code="a">Dt. Erstausg.</marc:subfield>
   </marc:datafield>
   <marc:datafield ind1="1" ind2=" " tag="520">
      <marc:subfield code="a">Angaben aus der Verlagsmeldung

Die Templerin - Das Testament Gottes / von Wolfgang Hohlbein, Rebecca Hohlbein

Die Templerin kehrt heim – das Finale der großen Saga

A. D. 1184: Die sagenumwobene Templerin Robin ist die Vertraute des todkranken Königs Balduin von Jerusalem. Um sein politisches Erbe zu regeln, begibt sie sich in Begleitung von Assassinen auf geheime Mission nach Deutschland. Dort enthüllt sich ihr das wahre Geheimnis des Templerordens. Das Wissen um das »Testament Gottes« droht den gesamten Erdenkreis ins Chaos zu stürzen . . .

Der leprakranke Balduin IV., König von Jerusalem, sieht sich dem Ende nahe. Einen direkten Erben hat er nicht, also wetzen schon viele – darunter auch seine intrigante Mutter Agnes – die Messer, um die Nachfolgefrage zu ihren Gunsten zu lösen. Balduin braucht Hilfe von außerhalb, und so schickt er eine Vertraute in geheimer Mission nach Deutschland: Robin, die legendäre Templerin, die ihm schon oft im Gewand eines Tempelritters als Mann verkleidet aus der Bredouille geholfen hat. Nach vielen Irrungen und Wirrungen stößt Robin im Norden ihres Heimatlandes schließlich auf ein Geheimnis von solcher Tragweite, dass sich die Sorgen Balduins dagegen fast schon als nichtig erweisen: Sollte die Welt von dem Geheimnis erfahren, würde nicht nur im christlichen Abendland ein Morden und Brandschatzen anheben...

</marc:subfield>
   </marc:datafield>
   <marc:datafield ind1=" " ind2=" " tag="020">
      <marc:subfield code="a">9783453266773</marc:subfield>
      <marc:subfield code="9">9783453266773</marc:subfield>
   </marc:datafield>
   <marc:datafield ind1=" " ind2=" " tag="041">
      <marc:subfield code="a">ger</marc:subfield>
   </marc:datafield>
   <marc:datafield ind1=" " ind2=" " tag="300">
      <marc:subfield code="a">491 S.</marc:subfield>
   </marc:datafield>
</marc:record>
